Movies with Months in the Titles - Statistics

General Stats
  • This quiz has been taken 255 times
  • The average score is 11 of 20
Answer Stats
Year Hint Answer % Correct
1989 Born on the 4th of ____ July
85%
1986 _____ Fool's Day April
84%
1990 The Hunt for Red _______ October
80%
2011 The Ides of _____ March
76%
2005 _____ of the Penguins March
76%
1998 What Dreams ___ Come May
69%
1990 Henry & ____ June
67%
2013 ______ : Osage County August
65%
1940 Christmas in ____ July
61%
1999 _______ Sky October
57%
2013 Summer in ________ February
56%
2001 Sweet ________ November
50%
2009 Miss _____ March
46%
1952 _____ in Paris April
44%
2003 Pieces of _____ April
43%
2007 ________ Boys December
42%
1989 The _______ Man January
40%
1982 Roses in ________ December
38%
1987 The Whales of ______ August
34%
1999 The Last _________ September
31%
No matching quizzes found
Score Distribution
Percent of People with Each Score
Percentile by Number Answered
Your Score History
You have not taken this quiz